000 nam a22 7a 4500
999 _c15809
_d15809
008 161104b xxu||||| |||| 00| 0 eng d
050 _aLB 2353.54 G74 2010
100 _aKaplan Test Prep and Admissions.
245 _aGRE Course Book/
_cKaplan Test Prep and Admissions
260 _aNew York:
_bKaplan Test Prep and Admissions,
_c2010
300 _axiii, 694p. :
_bill. ;
_c28 cm
650 _aGraduate Records Examinations.
_xStudy guides.
650 _aUniversities and colleges.
_xUnited States.
_yEntrance examinations.
_zStudy guides.
650 _aEducational tests and measurements.
942 _2lcc
_cBOOKS
_hLB 2353.54 G74 2010